Revista Complutense de Ciencias Veterinarias

Bibliographic Details
Format: Electronic Serial
Published: [S.l.] : Universidad Complutense de Madrid
Subjects:
Online Access:Full text available from Research Library: 01/01/2007 to present

MARC

LEADER 00000nas a22000003u 4500
001 ssj0000502066
003 WaSeSS
005 20200512172242.0
006 m d
007 cr n
008 200512uuuuuuuuu||||| |ss|||||| ||||||d
022 |a 1988-2688 
035 |a (WaSeSS)ssj0000502066 
040 |a WaSeSS  |c WaSeSS  |d WaSeSS 
245 0 0 |a Revista Complutense de Ciencias Veterinarias  |h [electronic resource]. 
260 |a [S.l.] :  |b Universidad Complutense de Madrid 
500 |a Title from content provider. 
506 |a License restrictions may limit access. 
655 0 |a Electronic journals. 
856 4 0 |z Full text available from Research Library: 01/01/2007 to present  |u https://search.proquest.com/publication/54851